000 00284nam a22001217a 4500
050 0 0 _aQD451
_b.G53
100 1 0 _aGlasstone, S.
245 1 2 _aA textbook of physical chemistry /
_cS. Glasstone.
250 _a2nd ed.
300 _axi,1320 p.
650 0 _bPhysical chemistry.
942 _cGEN
999 _c1857
_d1857